Perspectiva total: manual de perspectiva avanzada. Métodos gráficos para representar la totalidad del campo visual en 360º cónicos y más
Saved in:
| Hovedforfatter: | |
|---|---|
| Format: | Bog |
| Sprog: | spansk engelsk |
| Udgivet: |
Santiago
Mauro Quijada Valenzuela
2014
|
| Fag: | |
| Tags: |
Tilføj Tag
Ingen Tags, Vær først til at tagge denne postø!
|
MARC
| LEADER | 00000cam a2200000 a 4500 | ||
|---|---|---|---|
| 001 | UCD2631 | ||
| 003 | CL-VaPUC | ||
| 008 | 160505e20140000cl |||||||||||||||||spa|d | ||
| 020 | |a 9789563538861 | ||
| 041 | 0 | 7 | |a spa |2 CL-VaPUC |
| 041 | 0 | 7 | |a eng |2 CL-VaPUC |
| 082 | 0 | 4 | |a 701.82 |b QUI |2 21 |
| 100 | 0 | |a Quijada Valenzuela, Mauro |e author |9 585978 | |
| 245 | 1 | 0 | |a Perspectiva total: manual de perspectiva avanzada. Métodos gráficos para representar la totalidad del campo visual en 360º cónicos y más |
| 246 | 1 | 0 | |a Total perspective: advanced perspective manual. Graphic methods to represent the whole field of vision in 360º conic sections and more |
| 300 | |a 236 p | ||
| 942 | |c BK | ||
| 945 | |d 20160505 16:04:00 |a cmena | ||
| 260 | |a Santiago |b Mauro Quijada Valenzuela |c 2014 | ||
| 650 | 7 | |a DIBUJOS ARQUITECTONICOS |2 CL-VaPUC |9 585979 | |
| 650 | 7 | |a DIBUJOS TRIDIMENSIONALES |2 CL-VaPUC |9 344755 | |
| 650 | 7 | |a REPRESENTACION GRAFICA |2 CL-VaPUC |9 392001 | |
| 583 | |a last modification |c 20160505 16:04:00 |k Rodrigo Vera | ||
| 999 | |c 363753 |d 363751 | ||
| 952 | |0 0 |1 0 |3 erd |4 0 |6 701_820000000000000_QUI_2014 |7 0 |8 A |9 476436 |a BIBARQ |b BIBARQ |i 5285534 |o 701.82 QUI 2014 |p 5285534 |r 2025-01-20 |w 2019-11-24 |y BK |z Catalogado en:20160505 |k ARQ | ||